000 00619cam a22002293a 4500
001 23715
003 PGUSA
005 20140828083515.0
008 071201s2007||||xxu|||||s|||||000 1 eng d
040 _aPGUSA
_beng
042 _adc
050 4 _aPS
100 1 _aCarr, Terry Gene,
_d1937-1987
245 1 0 _aWarlord of Kor
_h[electronic resource] /
_cTerry Gene Carr
260 _bProject Gutenberg,
_c2007
506 _aPublic domain in the USA.
516 _aElectronic text
653 _aScience fiction
830 0 _aProject Gutenberg
_v23715
856 4 0 _uhttp://www.gutenberg.org/ebooks/23715
942 _cEB
999 _c252970
_d252970